BIOS INSTANT NOTES MOLECULAR BIOLOGY (Record no. 28947)

MARC details
000 -LEADER
fixed length control field 00424nam a22001697a 4500
003 - CONTROL NUMBER IDENTIFIER
control field SGT
020 ## - INTERNATIONAL STANDARD BOOK NUMBER
International Standard Book Number 9780815346081
082 ## - DEWEY DECIMAL CLASSIFICATION NUMBER
Classification number 615.1974
Item number B17M
100 ## - MAIN ENTRY--PERSONAL NAME
Personal name MCLENNAN, ALEXANDER
245 ## - TITLE STATEMENT
Title BIOS INSTANT NOTES MOLECULAR BIOLOGY
250 ## - EDITION STATEMENT
Edition statement 4TH
260 ## - PUBLICATION, DISTRIBUTION, ETC. (IMPRINT)
Place of publication, distribution, etc NEW YORK
Name of publisher, distributor, etc GARLAND SCIENCE
Year of Publication 2017
300 ## - PAGE DESCRIPTION
No. of Pages 382
650 ## - SUBJECT ADDED ENTRY--TOPICAL TERM
Topical term or geographic name as entry element MOLECULAR BIOLOGY
653 ## - KEYWORDS--INDEX TERM
Keyword term BIOS, INSTANT, NOTES, MOLECULAR, BIOLOGY
942 ## - ADDED ENTRY ELEMENTS (KOHA)
Source of classification or shelving scheme Dewey Decimal Classification
Koha item type Books
Holdings
Withdrawn status Lost status Source of classification or shelving scheme Damaged status Use restrictions Not for loan Collection code Home library Current library Shelving location Date acquired Vendor Name Cost, normal purchase price SGTU Bill Number Full call number Accession No. (Barcode) Date last seen Bill Date Koha item type Total Checkouts
    Dewey Decimal Classification   Restricted Access   AYURVEDA SGT FA-FP Library SGT FA-FP Library Reference Book 14/01/2025 AHUJA PUB. 382.00 SGTU 19920 615.1974 B17M FA12428 14/01/2025 21/11/2024 Books  
    Dewey Decimal Classification       AYURVEDA SGT FA-FP Library SGT FA-FP Library Text Book 14/01/2025 AHUJA PUB. 382.00 SGTU 19920 615.1974 B17M FA12429 14/01/2025 21/11/2024 Books